Statistiken für Bundesliga Torschützen 2022/2023

Klicken Sie hier um das Quiz zu spielen!

Allgemein

  • Dieses Quiz wurde 214 mal gespielt
  • Das Durchschnittsergebnis liegt bei 12 aus 18

Antwortstatistiken

ToreVereinSpieler% Korrekt
16SV Werder BremenNiclas Füllkrug
99%
16RB LeipzigChristopher Nkunku
93%
14FC Bayern MünchenSerge Gnabry
93%
15Eintracht FrankfurtRandal Kolo Muani
87%
12FC Bayern MünchenJamal Musiala
84%
12SV Werder BremenMarvin Ducksch
84%
15SC FreiburgVincenzo Grifo
79%
13Borussia MönchengladbachMarcus Thuram
78%
12TSG 1899 HoffenheimAndrej Kramarić
75%
111. FC Union BerlinSheraldo Becker
70%
12Borussia MönchengladbachJonas Hofmann
68%
11FC Schalke 04Marius Bülter
63%
10FC Bayern MünchenEric Maxim Choupo-Moting
62%
11VfB StuttgartSerhou Guirassy
61%
101. FSV Mainz 05Karim Onisiwo
45%
10SC FreiburgMichael Gregoritsch
44%
11Hertha BSCDodi Lukébakio
41%
101. FSV Mainz 05Marcus Ingvartsen
15%

Verteilung der Resultate

Perzentil nach korrekt beantworteten Fragen

Anzahl Personen mit jedem Resultat

Ihre Resultats-Entwicklung

Sie haben dieses Quiz noch nicht gespielt